5HLuxD.jpg

KING HENRY VIII SENIOR AND PRIMARY SCHOOL LIBRARY OPAC

Diary of a wimpy kid : (Record no. 2370)

000 -LEADER
fixed length control field 01252cam a2200337 i 4500
001 - CONTROL NUMBER
control field .b56593417
003 - CONTROL NUMBER IDENTIFIER
control field OCoLC
005 - DATE AND TIME OF LATEST TRANSACTION
control field 20230502091108.0
008 - FIXED-LENGTH DATA ELEMENTS--GENERAL INFORMATION
fixed length control field 120316s2009 enka c 000 0 eng d
020 ## - INTERNATIONAL STANDARD BOOK NUMBER
International Standard Book Number 9780141324913
035 ## - SYSTEM CONTROL NUMBER
System control number (OCoLC)794192141
040 ## - CATALOGING SOURCE
Original cataloging agency NLGGC
Transcribing agency NLGGC
Modifying agency OCLCF
-- OCLCO
-- KH8
042 ## - AUTHENTICATION CODE
Authentication code nbic
082 04 - DEWEY DECIMAL CLASSIFICATION NUMBER
Classification number FIC KIN
Edition number 22
100 1# - MAIN ENTRY--PERSONAL NAME
Personal name Kinney, Jeff.
Relator term Author
245 10 - TITLE STATEMENT
Title Diary of a wimpy kid :
Remainder of title Rodrick rules /
Statement of responsibility, etc. by Jeff Kinney.
260 ## - PUBLICATION, DISTRIBUTION, ETC.
Place of publication, distribution, etc. London :
Name of publisher, distributor, etc. Puffin,
Date of publication, distribution, etc. 2009.
300 ## - PHYSICAL DESCRIPTION
Extent 216 p. :
Other physical details ill. ;
Dimensions 20 cm.
520 ## - SUMMARY, ETC.
Summary, etc. Greg Heffley tells about his summer vacation and his attempts to steer clear of trouble when he returns to middle school and tries to keep his older brother Rodrick from telling everyone about Greg's most humiliating experience of the summer.
650 #0 - SUBJECT ADDED ENTRY--TOPICAL TERM
Topical term or geographic name entry element Middle schools
Form subdivision Juvenile fiction.
650 #0 - SUBJECT ADDED ENTRY--TOPICAL TERM
Topical term or geographic name entry element Schools
Form subdivision Juvenile fiction.
650 #0 - SUBJECT ADDED ENTRY--TOPICAL TERM
Topical term or geographic name entry element Families
Form subdivision Juvenile fiction.
650 #0 - SUBJECT ADDED ENTRY--TOPICAL TERM
Topical term or geographic name entry element Diaries
Form subdivision Juvenile fiction.
650 #1 - SUBJECT ADDED ENTRY--TOPICAL TERM
Topical term or geographic name entry element Middle schools
Form subdivision Fiction.
650 #1 - SUBJECT ADDED ENTRY--TOPICAL TERM
Topical term or geographic name entry element Schools
Form subdivision Fiction.
650 #1 - SUBJECT ADDED ENTRY--TOPICAL TERM
Topical term or geographic name entry element Family life
Form subdivision Fiction.
650 #1 - SUBJECT ADDED ENTRY--TOPICAL TERM
Topical term or geographic name entry element Diaries
Form subdivision Fiction.
650 #1 - SUBJECT ADDED ENTRY--TOPICAL TERM
Topical term or geographic name entry element Humorous stories.
773 08 - HOST ITEM ENTRY
Control subfield nnam
Relationship information (MP)
Title Diary of a wimpy kid
Related parts [b. ]
Record control number (NL-LeOCL)331800071.
942 ## - ADDED ENTRY ELEMENTS (KOHA)
Source of classification or shelving scheme
Koha item type Books - Fiction
Holdings
Withdrawn status Lost status Source of classification or shelving scheme Damaged status Not for loan Collection code Permanent Location Current Location Shelving location Date acquired Total Checkouts Full call number Barcode Date last seen Date last checked out Price effective from Koha item type Public note
          Fiction KH8 Primary School Library KH8 Primary School Library Fiction 2023-05-02 27 FIC KIN KHPL000004118 2026-03-18 2026-03-12 2023-05-02 Books - Fiction  
          Fiction KH8 Primary School Library KH8 Primary School Library Fiction 2023-05-02 3 FIC KIN KHPL000004119 2026-03-12 2023-06-20 2023-05-02 Books - Fiction  
          Fiction KH8 Primary School Library KH8 Primary School Library Fiction 2023-05-02 5 FIC KIN KHPL000007132 2026-03-09 2026-03-02 2023-05-02 Books - Fiction PRIMARY LIBRARY
          Fiction KH8 Primary School Library KH8 Primary School Library Fiction 2023-05-02 10 FIC KIN KHPL000007133 2026-03-12 2026-03-05 2023-05-02 Books - Fiction PRIMARY LIBRARY

Powered By KH8 IT Dept